000 00486nam a2200181Ia 4500
001 8189
005 20260306160550.0
008 260306t2012||||xx |||||||||||||| ||spa||
041 _aESP
082 _a370.15
_bB38
100 _aBeltran, Mariana
_eAUT
245 0 _aLa formación del psicólogo en el campo educativo:
_bconstrucción de la identidad profesional
260 _c2012
300 _a166 páginas :
_c23 cm.
650 _aGEN
654 _aCED
942 _cLIB
_dJUS
_fJUS
_2ddc
_n
999 _c8189
_d8189